Nutuk (Record no. 9370)
[ view plain ]
| 000 -BAŞLIK | |
|---|---|
| Sabit Uzunlukta Kontrol Alanı | 00826na a2200253 4500 |
| 001 - KONTROL NUMARASI | |
| Denetim Alanı | 13616 |
| 003 - KONTROL NUMARASI IDENTIFIER | |
| Denetim Alanı | MIRAKIL |
| 005 - SON İŞLEM TARİHİ VE ZAMANI | |
| Denetim Alanı | 20181213155244.0 |
| 008 - SABİT-BOY VERİ ELEMANLARI - GENEL BİLGİLER | |
| Sabit Uzunlukta Kontrol Alanı | 160817b tu 000 0 |
| 035 ## - SİSTEM KONTROL NUMARASI | |
| Sistem Kontrol Numarası | 13616 |
| 040 ## - KATALOGLAMA KAYNAK | |
| Orijinal Kataloglama Ajansı | Milas |
| Kataloglama Dili | tur |
| Metne Dönüştürmek Ajansı | TR-AnCHP |
| 082 ## - DEWEY ONLU SINIFLANDIRMA NUMARASI | |
| Sınıflandırma Numarası | ATA 923.156 |
| Ürün Numarası | A72n 1952 |
| 090 ## - SINIFLAMA NUMARASI | |
| Sınıflama Numarası | ATA 923.156 A72n 1952 |
| 100 ## - ANA GİRİŞ - KİŞİSEL İSİM | |
| Kişisel Ad | Atatürk, Mustafa Kemal |
| Bir Adıyla İlişkilendirilen Tarihler | 1881-1838 |
| 245 ## - BAŞLIK TABLOSU | |
| Başlık | Nutuk |
| Başlığın Kalan | 1920-1927 |
| Sorumluluk Tablosu, Vb | Kemal Atatürk |
| 260 ## - YAYIN, DAĞITIM, VB | |
| Yayın, Dağıtım, Vb Yeri | İstanbul |
| Yayıncı, Dağıtıcı, Vs Adı | Türk Devrim Tarihi Enstitüsü |
| Yayın, Dağıtım, Vb Tarihi | 1952 |
| 300 ## - FİZİKSEL TANIM | |
| Kapsam | 898 s. |
| Boyutlar | 20 sm. |
| 505 ## - BİÇİMLENDİRİLDİ İÇİNDEKİLER NOT | |
| Biçimlendirilmiş İçeriği Dikkat | c.2: 1920-1927 -- c.3 vesikalar |
| 600 ## - KONU KATMA GİRİŞ - KURUMSAL ADI | |
| Kişisel Ad | Atatürk, Mustafa Kemal |
| Bir Adıyla İlişkilendirilen Tarihler | 1881-1938 |
| Genel Alt Bölümü | Söylev ve demeçler |
| 600 ## - KONU KATMA GİRİŞ - KURUMSAL ADI | |
| Kişisel Ad | Atatürk, Mustafa Kemal |
| Bir Adıyla İlişkilendirilen Tarihler | 1881-1938 |
| Genel Alt Bölümü | Siyasal ve sosyal görüşler |
| 650 ## - KONU KATMA GİRİŞ - TOPİKAL DÖNEM | |
| Topikal Süreli Veya Coğrafi Ad Giriş Elemanı | Atatürk devrimleri |
| Coğrafi Alt Bölümü | Türkiye |
| 651 ## - KONU KATMA GİRİŞ - COĞRAFİ ADI | |
| Coğrafi İsim | Türkiye |
| Genel Alt Bölümü | Siyaset ve yönetim |
| 942 ## - EKLENDİ GİRİŞ ELEMANLARI (KOHA) | |
| Sınıflandırma Veya Raf Düzeni Kaynak | Dewey Decimal Classification |
| Koha Öğesi Türü | Books |
| 999 ## - SİSTEM KONTROL NUMARALARI (KOHA) | |
| Koha Biblionumber | 9370 |
| Koha Biblioitemnumber | 9370 |
| Kalıcı Konum | Mevcut Konum | Edinme Tarihi | Edinim Kaynak | Toplam Check-Out'Lar | Tam Çağrı Numarası | Barkod | Tarih Son Görülme | İtibaren Geçerli Fiyatlar | Koha Öğesi Türü | Seri Numaralandırma / Kronolojik |
|---|---|---|---|---|---|---|---|---|---|---|
| CHP Kütüphanesi | CHP Kütüphanesi | 08/15/2016 | Bağış | ATA 923.156 A72n 1952 | 001602 | 08/15/2016 | 08/15/2016 | Books | ||
| CHP Kütüphanesi | CHP Kütüphanesi | 08/17/2016 | Bağış | ATA 923.156 A72n 1952 | 001603 | 08/17/2016 | 08/17/2016 | Books | c.2 | |
| CHP Kütüphanesi | CHP Kütüphanesi | 08/15/2016 | Bağış | ATA 923.156 A72n 1952 | 001604 | 08/15/2016 | 08/15/2016 | Books | c.3 |
